What every angel investor wants you to know <an> insider reveals how to get smart funding for your billion-dollar idea

Gespeichert in:
Bibliographische Detailangaben
1. Verfasser: Cohen, Brian S.
Weitere Verfasser: Kador, John
Format: Buch
Sprache:Englisch
Veröffentlicht: New York McGraw-Hill Education 2013
Schlagworte:
Tags: Tag hinzufügen
Keine Tags, Fügen Sie das erste Tag hinzu!

MARC

LEADER 00000nam a2200000 4500
001 0217279
005 20230109100338.3
020 |a 978-0-07-180071-6 
020 |a 0-07-180071-9 
041 0 |a eng 
044 |a US 
245 1 0 |a What every angel investor wants you to know  |b <an> insider reveals how to get smart funding for your billion-dollar idea  |c Brian S. Cohen and John Kador 
264 1 |a New York  |b McGraw-Hill Education  |c 2013 
300 |a 228 s. 
610 2 0 |a podnikanie 
610 2 0 |a investovanie 
610 2 0 |a stratégia podniková 
610 2 0 |a investície kapitálové 
610 2 0 |a poradenstvo profesionálne 
100 1 |a Cohen, Brian S. 
700 1 |a Kador, John